Bavorská výstava hydiny a holubov vrcholné podujatie uplynulej sezóny

Bibliographic Details
Main Author: Sousedík, Tomáš, 1943- (Author)
Format: Article
Language:Slovak
PhysicalDescription:Fotogr.
ISSN:1335-9932
Subjects:

MARC

LEADER 00000nab a2200000 ar4500
001 vtls008847752
003 SK-MaSNL
005 20260303062155.0
008 060920c2006 xo |||||||||||000 b|slo
015 |a SNBRB2006/09  |2 snkbucl 
038 |a SNKBUCL 
040 |a SNKBUCL  |b slo  |c SNKBUCL  |e AACR2 
041 0 |a slo 
044 |a xo  |c SK 
080 |a 636.596:061.43  |2 1997 
100 1 |a Sousedík, Tomáš,  |d 1943-  |4 aut  |9 133216 
245 1 0 |a Bavorská výstava hydiny a holubov  |b vrcholné podujatie uplynulej sezóny  |c Tomáš Sousedík 
300 |b Fotogr. 
648 7 |a 2006  |2 snkbucl  |9 313148 
650 0 7 |a holuby  |2 snkbucl  |9 2798 
650 0 7 |a výstavy  |2 snkbucl  |9 2780 
651 7 |a Straubing (Nemecko)  |2 snkbucl  |9 90334 
773 0 |t Magazín chovateľa  |g Roč. V, č. 6 (2006), s. 32-33  |x 1335-9932 
852 |a SNK  |b KIS3GCP 
958 |a DE 
999 |c 1738245  |d 1740175